Discurso leido en la solemne apertura del curso académico de 1894 a 1895 / (Record no. 48673)

MARC details
000 -LEADER
campo de control de longitud fija 00776nam a2200193 i 4500
001 - NÚMERO DE CONTROL
campo de control 48673
003 - IDENTIFICADOR DE NÚMERO DE CONTROL
campo de control ES-MaACL
007 - CAMPO FIJO DE DESCRIPCIÓN FÍSICA--INFORMACIÓN GENERAL
campo de control de longitud fija t|
008 - DATOS DE LONGITUD FIJA--INFORMACIÓN GENERAL
campo de control de longitud fija 931025s1894 sp ||||1| spa d
040 ## - FUENTE DE CATALOGACIÓN
Centro catalogador/agencia de origen AS
Lengua de catalogación spa
Centro/agencia transcriptor PAB
100 1# - ENTRADA PRINCIPAL--NOMBRE DE PERSONA
Nombre de persona Díaz Ordóñez y Escandón, Víctor.
9 (RLIN) 44373
245 10 - MENCIÓN DEL TÍTULO
Título Discurso leido en la solemne apertura del curso académico de 1894 a 1895 /
Mención de responsabilidad, etc. por el doctor Víctor Díaz Ordóñez.
260 ## - PUBLICACIÓN, DISTRIBUCIÓN, ETC.
Lugar de publicación, distribución, etc. Oviedo :
Nombre del editor, distribuidor, etc. [s.n.],
Fecha de publicación, distribución, etc. 1894 (
Fabricante Establecimiento tipográfico de Vicente Brid)
300 ## - DESCRIPCIÓN FÍSICA
Extensión 70 p. ;
Dimensiones 28 cm.
500 ## - NOTA GENERAL
Nota general Precede al tít.: Universidad Literaria de Oviedo.
500 ## - NOTA GENERAL
Nota general Tema del discurso: El cristianismo es la palabra que descifra el enigma del mundo antiguo.
710 2# - ENTRADA AGREGADA--NOMBRE DE ENTIDAD CORPORATIVA
Nombre de entidad corporativa o nombre de jurisdicción como elemento de entrada Universidad Literaria de Oviedo.
9 (RLIN) 7389
852 ## - LOCALIZACIÓN
Ubicación ES-MaACL
Número de control de estantería T-775-F-3
Holdings
Estatus retirado Estado de pérdida Estado de daño No para préstamo Colección Biblioteca de origen Biblioteca actual Ubicación en estantería Fecha de adquisición Fuente de adquisición Total de préstamos Signatura topográfica completa Código de barras Visto por última vez Precio de reemplazo Tipo de ítem Koha
        Colección de folletos Biblioteca del Ateneo de Madrid Biblioteca del Ateneo de Madrid Depósito folletos 17/01/2008     T-775-F-3 1051219 23/02/2023 23/02/2023 Folleto